000 00709nam a2200241Ia 4500
003 OSt
005 20220928125143.0
006 a|||||r|||| 00| 0
007 ta
008 220927b |||||||| |||| 00| 0 eng d
024 _a82827
037 _cTextual
040 _aSDCL
_cSDCL
_beng
041 _2eng
_aeng
082 _aX, P6
100 _aGuha-Khasnobis Basudeb Ed.
_9468314
245 0 _aLinking the formal and informal economy
_bConcepts and policies
260 _aNew York
_b Oxford University Press
_c2006
300 _axvii,294p
_ccm.
700 _a Kanbur Ravi Ed.
_9465490
942 _hX, P6
_cTEXL
_2CC
999 _c781159
_d781159